[Event "RN-2011-0-00407"]
[Site "LSS email"]
[Date "2011.09.16"]
[Round "?"]
[White "Duha, Sam"]
[Black "Chandler, Mark"]
[Result "0-1"]
[WhiteElo "800"]
[BlackElo "936"]
[PlyCount "24"]
[EventDate "2011.09.01"]
[EventType "tourn (corr)"]
[EventRounds "6"]
[EventCountry "GER"]
[SourceTitle "Corr 2015"]
[Source "ChessBase"]
[SourceDate "2015.07.17"]
[SourceVersion "1"]
[SourceVersionDate "2015.07.17"]
[SourceQuality "1"]

1. e4 e5 2. Nf3 Nf6 3. Nxe5 d6 4. Nf3 Nxe4 5. d4 d5 6. Bd3 Nc6 7. 0-0 Be7 8. Re1 Bg4 9. c3 0-0 10. c4 Bxf3 11. Qxf3 Nxd4 12. Qe3 Bc5 0-1